आईने के टुकड़े / (Record no. 114114)

MARC details
000 -LEADER
fixed length control field 01097nam a22002657a 4500
003 - CONTROL NUMBER IDENTIFIER
control field dpl
005 - DATE AND TIME OF LATEST TRANSACTION
control field 20170207141400.0
008 - FIXED-LENGTH DATA ELEMENTS--GENERAL INFORMATION
fixed length control field 170207b xxu||||| |||| 00| 0 eng d
010 ## - LIBRARY OF CONGRESS CONTROL NUMBER
LC control number B-243434, A-770040
020 ## - INTERNATIONAL STANDARD BOOK NUMBER
Terms of availability 120.00
International Standard Book Number 8173890261
035 ## - SYSTEM CONTROL NUMBER
System control number B-243434, A-770040
040 ## - CATALOGING SOURCE
Original cataloging agency DPL
Transcribing agency DPL
082 ## - DEWEY DECIMAL CLASSIFICATION NUMBER
Classification number 828
Item number अमृता
100 ## - MAIN ENTRY--PERSONAL NAME
Personal name अमृता प्रीतम
9 (RLIN) 55397
245 ## - TITLE STATEMENT
Title आईने के टुकड़े /
Statement of responsibility, etc अमृता प्रीतम
246 ## - VARYING FORM OF TITLE
Title proper/short title Aaine ke tukde /
Remainder of title by Amrita Pritam
260 ## - PUBLICATION, DISTRIBUTION, ETC. (IMPRINT)
Place of publication, distribution, etc दिल्ली
Name of publisher, distributor, etc शिलालेख
Date of publication, distribution, etc 1996
270 ## - ADDRESS
Address 4/32, सुभाष गली, विश्वास नगर,
City दिल्ली
Postal code 110032
Telephone number 2424810
300 ## - PHYSICAL DESCRIPTION
Extent 142पृ.
Dimensions 21सेमी (सजिल्द)
650 ## - SUBJECT ADDED ENTRY--TOPICAL TERM
Topical term or geographic name as entry element हिन्दी साहित्य
9 (RLIN) 55398
650 ## - SUBJECT ADDED ENTRY--TOPICAL TERM
Topical term or geographic name as entry element हिन्दी साहित्य -- उपन्यास
9 (RLIN) 46379
650 ## - SUBJECT ADDED ENTRY--TOPICAL TERM
Topical term or geographic name as entry element Hindi literature
9 (RLIN) 55399
650 ## - SUBJECT ADDED ENTRY--TOPICAL TERM
Topical term or geographic name as entry element Hindi literature -- Fiction
9 (RLIN) 55400
942 ## - ADDED ENTRY ELEMENTS (KOHA)
Source of classification or shelving scheme Dewey Decimal Classification
Koha item type Hindi Books
Classification part 828
Call number suffix अमृता
Holdings
Withdrawn status Lost status Damaged status Not for loan Home library Current library Date acquired Source of acquisition Cost, normal purchase price Total Checkouts Full call number Barcode Date last seen Date checked out Copy number Cost, replacement price Price effective from Koha item type Source of classification or shelving scheme Collection code Shelving location
        Central Library Central Library 14/08/2015 Cen Lib/Ret 150.00 4 उ अमृता B-243434 10/07/2023 26/06/2023 1 150.00 14/08/2015 Hindi Books      
      Ordered Sarojini Nagar Sarojini Nagar 07/02/2017 DPL 120.00   828 अमृता A770040 07/02/2017   1 120.00 07/02/2017 Hindi Books Dewey Decimal Classification Fiction On Display

© Delhi Public Library
Hit Counter
free hit counter